| 000 | 00597nam a2200181 a 4500 | ||
|---|---|---|---|
| 001 | 000005334 | ||
| 005 | 20200929151638.0 | ||
| 008 | 090819s2000 es a 001 spa d | ||
| 020 | _a849507897X | ||
| 040 |
_aDO-SdBNP _bspa _cBNPHU |
||
| 082 |
_axxxx _bE77e |
||
| 100 | 1 |
_aEspadas Burgos, Manuel _915130 |
|
| 245 | 1 | 3 |
_aLa escuela española de historia y arqueología en Roma : _bun Guadiana junto al Tíber / _cManuel Espadas Burgos. |
| 260 |
_aLa Mancha, España : _bUniversidad de Castilla, _c2000. |
||
| 300 |
_a166 p. : _bil. ; _c24 cm. |
||
| 500 | _aIncluye tabla de contenido | ||
| 049 | _aBNPD | ||
| 999 |
_c5135 _d5135 |
||